00849cam a22002411 4500001001300000003000400013005001700017008004100034010001700075040001800092050001700110082001600127100001700143245010900160260007100269300003100340490004900371651005300420651004900473700003200522700003600554999001700590sa 68008327 DLC20260227112531.0681219s1967 ii b 000 0 eng  asa 68008327  aDLCcDLCdDLC00aHC437.G6bP300a330.954/7991 aPadki, M. B.10aUtilization of local resources:ba case study of Goac[by] M. B. Padki, S. H. Pore [and] S. W. Muranjan. aPoona, India,bGokhale Institute of Politics and Economicsc[1967] axii, 301 p.bmaps.c32 cm.0 aGokhale Institute mimeograph series ;vno. 1 0aGoa, Daman and Diu (India)xEconomic conditions. 0aGoa, Daman and Diu (India)xEconomic policy.1 aPore, S. H.,ejoint author.1 aMuranjan, S. W.,ejoint author. c82358d82358